[Event "European Senior Team Championship 2021"]
[Site "Don Giovanni hotel, Vinohradska 2733, Prague, Czech Republic"]
[Date "2021.09.03"]
[Round "5"]
[Board "4"]
[White "Vesely, Emanuel"]
[Black "Andersson, Finn"]
[Result "1/2-1/2"]
[WhiteElo "1808"]
[BlackElo "1796"]
[PlyCount "0"]
[EventDate "2021.08.30"]
[EventType "team"]
[EventRounds "9"]
[EventCountry "ECX"]
[WhiteTeam "CHESS ACADEMY PRAHA"]
[BlackTeam "SK 2012"]

1. e4 {[%clk 1:30:54]} c5 {[%clk 1:30:53]} 2. Nf3 {[%clk 1:30:58]} Nc6
{[%clk 1:31:16]} 3. d4 {[%clk 1:31:15]} cxd4 {[%clk 1:31:40]} 4. Nxd4
{[%clk 1:31:36]} Nf6 {[%clk 1:31:09]} 5. Nc3 {[%clk 1:31:52]} e5 {[%clk 1:31:31]}
6. Ndb5 {[%clk 1:31:52]} d6 {[%clk 1:31:52]} 7. Nd5 {[%clk 1:30:35]} Nxd5
{[%clk 1:31:32]} 8. exd5 {[%clk 1:30:47]} Ne7 {[%clk 1:28:16]} 9. c4
{[%clk 1:30:43]} Ng6 {[%clk 1:27:29]} 10. Qa4 {[%clk 1:30:08]} Bd7
{[%clk 1:24:25]} 11. Qb4 {[%clk 1:29:38]} Bf5 {[%clk 1:20:24]} 12. h4
{[%clk 1:26:53]} a6 {[%clk 1:14:35]} 13. Nc3 {[%clk 1:26:11]} Qd7
{[%clk 0:57:30]} 14. g3 {[%clk 1:15:25]} h5 {[%clk 0:52:22]} 15. Be2
{[%clk 1:13:50]} Be7 {[%clk 0:47:05]} 16. Be3 {[%clk 1:09:23]} Rc8
{[%clk 0:46:56]} 17. Rc1 {[%clk 1:02:37]} e4 {[%clk 0:39:59]} 18. Na4
{[%clk 0:58:22]} Qc7 {[%clk 0:36:03]} 19. Nb6 {[%clk 0:46:16]} Rd8
{[%clk 0:35:32]} 20. O-O {[%clk 0:41:40]} Ne5 {[%clk 0:33:08]} 21. Rfd1
{[%clk 0:36:32]} Bg4 {[%clk 0:30:20]} 22. Rc2 {[%clk 0:26:39]} Bxe2
{[%clk 0:29:59]} 23. Rxe2 {[%clk 0:27:04]} Nf3+ {[%clk 0:26:57]} 24. Kg2
{[%clk 0:26:19]} O-O {[%clk 0:19:22]} 25. Na4 {[%clk 0:24:40]} Qd7
{[%clk 0:18:18]} 26. Bb6 {[%clk 0:22:52]} Qg4 {[%clk 0:13:02]} 27. Rh1
{[%clk 0:19:58]} Rde8 {[%clk 0:12:13]} 28. Kf1 {[%clk 0:16:42]} f5
{[%clk 0:11:07]} 29. Be3 {[%clk 0:15:37]} g5 {[%clk 0:08:10]} 30. hxg5
{[%clk 0:12:17]} Bxg5 {[%clk 0:03:14]} 31. Qxd6 {[%clk 0:11:01]} Rf6
{[%clk 0:02:55]} 32. Qc7 {[%clk 0:08:07]} Rf7 {[%clk 0:03:16]} 33. Qd6
{[%clk 0:08:17]} Rf6 {[%clk 0:03:35]} 34. Qc7 {[%clk 0:08:37]} Rf7
{[%clk 0:03:48]} 35. Qd6 {[%clk 0:09:02]} Rf6 {[%clk 0:04:12]}  1/2-1/2

[Event "European Senior Team Championship 2021"]
[Site "Don Giovanni hotel, Vinohradska 2733, Prague, Czech Republic"]
[Date "2021.09.03"]
[Round "5"]
[Board "1"]
[White "Vrabec, Milos"]
[Black "Vaisser, Anatoly"]
[Result "0-1"]
[WhiteElo "2095"]
[BlackElo "2496"]
[PlyCount "0"]
[EventDate "2021.08.30"]
[EventType "team"]
[EventRounds "9"]
[EventCountry "ECX"]
[WhiteTeam "OLDEST BOYS"]
[BlackTeam "FRANCE"]

1. Nf3 {[%clk 1:30:54]} f5 {[%clk 1:29:56]} 2. d4 {[%clk 1:31:03]} Nf6
{[%clk 1:29:19]} 3. g3 {[%clk 1:31:16]} g6 {[%clk 1:29:16]} 4. Bg2
{[%clk 1:30:13]} Bg7 {[%clk 1:29:37]} 5. O-O {[%clk 1:30:31]} O-O
{[%clk 1:29:43]} 6. Nbd2 {[%clk 1:27:27]} d6 {[%clk 1:26:26]} 7. Re1
{[%clk 1:26:50]} Nc6 {[%clk 1:24:12]} 8. e4 {[%clk 1:26:40]} fxe4
{[%clk 1:22:30]} 9. Nxe4 {[%clk 1:27:00]} Nxe4 {[%clk 1:20:09]} 10. Rxe4
{[%clk 1:26:35]} Bf5 {[%clk 1:18:51]} 11. Re1 {[%clk 1:23:01]} Bg4
{[%clk 1:09:44]} 12. c3 {[%clk 1:21:29]} e5 {[%clk 0:55:31]} 13. dxe5
{[%clk 1:09:11]} Bxf3 {[%clk 0:48:00]} 14. Bxf3 {[%clk 1:09:33]} Nxe5
{[%clk 0:45:08]} 15. Bg2 {[%clk 1:07:57]} c6 {[%clk 0:43:30]} 16. Be3
{[%clk 0:48:58]} d5 {[%clk 0:40:18]} 17. Bd4 {[%clk 0:48:07]} Nc4
{[%clk 0:37:49]} 18. b3 {[%clk 0:43:28]} Nd6 {[%clk 0:36:59]} 19. Bxg7
{[%clk 0:37:24]} Kxg7 {[%clk 0:37:26]} 20. Qd4+ {[%clk 0:36:41]} Qf6
{[%clk 0:37:35]} 21. Qxf6+ {[%clk 0:36:52]} Kxf6 {[%clk 0:37:09]} 22. f4
{[%clk 0:36:18]} Rfe8 {[%clk 0:30:44]} 23. Kf2 {[%clk 0:36:40]} Nb5
{[%clk 0:28:35]} 24. Rxe8 {[%clk 0:36:15]} Rxe8 {[%clk 0:29:02]} 25. Rc1
{[%clk 0:36:38]} Rd8 {[%clk 0:23:27]} 26. a4 {[%clk 0:31:12]} Nd6
{[%clk 0:22:21]} 27. Rd1 {[%clk 0:30:42]} Nf7 {[%clk 0:19:27]} 28. Rd2
{[%clk 0:27:30]} a5 {[%clk 0:18:46]} 29. Rd1 {[%clk 0:27:46]} g5 {[%clk 0:16:33]}
30. fxg5+ {[%clk 0:27:23]} Nxg5 {[%clk 0:16:09]} 31. Rd4 {[%clk 0:21:15]} Rd7
{[%clk 0:11:27]} 32. Rh4 {[%clk 0:12:54]} Kg6 {[%clk 0:11:27]} 33. Rf4
{[%clk 0:10:52]} Rd6 {[%clk 0:07:16]} 34. Rd4 {[%clk 0:07:52]} Rf6+
{[%clk 0:06:15]} 35. Ke3 {[%clk 0:04:31]} Re6+ {[%clk 0:06:32]} 36. Kf2
{[%clk 0:04:14]} Re5 {[%clk 0:06:40]} 37. h4 {[%clk 0:03:14]} Ne6
{[%clk 0:06:54]} 38. Rg4+ {[%clk 0:02:04]} Kf6 {[%clk 0:07:16]} 39. Bf3
{[%clk 0:01:00]} Nc5 {[%clk 0:06:49]} 40. Bd1 {[%clk 0:00:55]} Ne4+
{[%clk 0:06:50]}  0-1

[Event "European Senior Team Championship 2021"]
[Site "Don Giovanni hotel, Vinohradska 2733, Prague, Czech Republic"]
[Date "2021.09.03"]
[Round "5"]
[Board "2"]
[White "Sharif, Mehrshad"]
[Black "Koper, Stefan"]
[Result "1-0"]
[WhiteElo "2335"]
[BlackElo "1827"]
[PlyCount "0"]
[EventDate "2021.08.30"]
[EventType "team"]
[EventRounds "9"]
[EventCountry "ECX"]
[WhiteTeam "FRANCE"]
[BlackTeam "OLDEST BOYS"]

1. Nf3 {[%clk 1:30:54]} Nf6 {[%clk 1:30:36]} 2. g3 {[%clk 1:31:06]} d5
{[%clk 1:30:04]} 3. Bg2 {[%clk 1:31:17]} g6 {[%clk 1:29:40]} 4. b3
{[%clk 1:31:30]} Bg7 {[%clk 1:30:05]} 5. Bb2 {[%clk 1:31:45]} O-O
{[%clk 1:30:19]} 6. c4 {[%clk 1:31:52]} c6 {[%clk 1:29:29]} 7. O-O
{[%clk 1:31:39]} Bf5 {[%clk 1:27:05]} 8. d3 {[%clk 1:29:18]} h5 {[%clk 1:19:50]}
9. Nbd2 {[%clk 1:26:31]} Bg4 {[%clk 1:13:36]} 10. h3 {[%clk 1:25:20]} Bxf3
{[%clk 1:13:14]} 11. Nxf3 {[%clk 1:25:22]} e6 {[%clk 1:13:11]} 12. Qc2
{[%clk 1:23:13]} Na6 {[%clk 1:13:22]} 13. a3 {[%clk 1:22:11]} Nc7
{[%clk 1:12:13]} 14. e4 {[%clk 1:18:41]} Rc8 {[%clk 1:02:22]} 15. Rad1
{[%clk 1:14:47]} Nd7 {[%clk 1:00:07]} 16. Rfe1 {[%clk 1:09:19]} a6
{[%clk 0:53:38]} 17. b4 {[%clk 1:00:03]} b5 {[%clk 0:53:12]} 18. c5
{[%clk 0:54:17]} Ne8 {[%clk 0:48:16]} 19. Rd2 {[%clk 0:51:04]} Bxb2
{[%clk 0:41:33]} 20. Qxb2 {[%clk 0:51:05]} Qf6 {[%clk 0:41:24]} 21. d4
{[%clk 0:45:56]} dxe4 {[%clk 0:23:02]} 22. Ne5 {[%clk 0:45:29]} Nb8
{[%clk 0:12:29]} 23. Bxe4 {[%clk 0:43:34]} Qg7 {[%clk 0:12:47]} 24. a4
{[%clk 0:29:05]} Nf6 {[%clk 0:13:08]} 25. Bf3 Rfd8 {[%clk 0:13:20]} 26. axb5
{[%clk 0:29:13]} axb5 {[%clk 0:13:49]} 27. Ra1 {[%clk 0:27:11]} Nd5
{[%clk 0:10:27]} 28. Ra7 {[%clk 0:25:12]} Rf8 {[%clk 0:10:01]} 29. Bxd5
{[%clk 0:16:34]} exd5 {[%clk 0:10:22]} 30. Rd3 Qh6 {[%clk 0:09:49]} 31. Qd2
{[%clk 0:17:08]} Qxd2 {[%clk 0:09:26]} 32. Rxd2 {[%clk 0:17:36]} Rce8
{[%clk 0:08:02]} 33. Rda2 {[%clk 0:15:14]} Re6 {[%clk 0:08:13]} 34. Rb7
{[%clk 0:15:08]} Kg7 {[%clk 0:06:54]} 35. Raa7 Rf6 {[%clk 0:07:14]} 36. h4
{[%clk 0:12:24]} Rf5 {[%clk 0:07:11]} 37. Kf1 {[%clk 0:08:37]} Rf6
{[%clk 0:07:33]} 38. Ke2 {[%clk 0:08:38]} Kg8 {[%clk 0:07:38]} 39. f3
{[%clk 0:08:14]} Re6 {[%clk 0:07:34]} 40. Kf2 {[%clk 0:08:14]} Rf6
{[%clk 0:07:45]} 41. Ra8 {[%clk 0:08:23]} Nd7 {[%clk 0:05:38]} 42. Nxd7
{[%clk 0:08:39]} Rxf3+ {[%clk 0:06:03]} 43. Kxf3 {[%clk 0:08:51]} Rxa8
{[%clk 0:06:31]} 44. Rb8+ {[%clk 0:09:09]}  1-0

[Event "European Senior Team Championship 2021"]
[Site "Don Giovanni hotel, Vinohradska 2733, Prague, Czech Republic"]
[Date "2021.09.03"]
[Round "5"]
[Board "3"]
[White "Valtera, Jiri"]
[Black "Boudre, Jean-Pierre"]
[Result "0-1"]
[WhiteElo "1850"]
[BlackElo "2263"]
[PlyCount "0"]
[EventDate "2021.08.30"]
[EventType "team"]
[EventRounds "9"]
[EventCountry "ECX"]
[WhiteTeam "OLDEST BOYS"]
[BlackTeam "FRANCE"]

1. e4 {[%clk 1:30:30]} d5 {[%clk 1:30:11]} 2. exd5 {[%clk 1:30:05]} Qxd5
{[%clk 1:30:36]} 3. Nc3 {[%clk 1:29:55]} Qd6 {[%clk 1:31:01]} 4. d4
{[%clk 1:29:37]} Nf6 {[%clk 1:31:19]} 5. Nf3 {[%clk 1:28:47]} c6 {[%clk 1:31:39]}
6. h3 {[%clk 1:27:12]} g6 {[%clk 1:32:00]} 7. Be3 {[%clk 1:26:07]} Bg7
{[%clk 1:25:45]} 8. Qd2 {[%clk 1:25:22]} O-O {[%clk 1:13:44]} 9. Bd3
{[%clk 1:21:32]} Nbd7 {[%clk 0:49:49]} 10. O-O-O {[%clk 1:08:49]} Nb6
{[%clk 0:43:26]} 11. Bh6 {[%clk 1:06:33]} Be6 {[%clk 0:43:12]} 12. Bxg7
{[%clk 1:04:32]} Kxg7 {[%clk 0:43:37]} 13. Kb1 {[%clk 1:01:56]} Rac8
{[%clk 0:29:42]} 14. Ne4 {[%clk 0:58:39]} Nxe4 {[%clk 0:29:55]} 15. Bxe4
{[%clk 0:58:31]} Nc4 {[%clk 0:28:38]} 16. Qc3 {[%clk 0:58:12]} Bd5
{[%clk 0:29:04]} 17. Rhe1 {[%clk 0:51:46]} Rfd8 {[%clk 0:20:14]} 18. Ne5
{[%clk 0:43:57]} Nxe5 {[%clk 0:14:21]} 19. dxe5 {[%clk 0:39:41]} Qe6
{[%clk 0:14:48]} 20. Bxd5 {[%clk 0:37:02]} Rxd5 {[%clk 0:12:34]} 21. Rxd5
{[%clk 0:36:29]} Qxd5 {[%clk 0:12:19]} 22. Qg3 {[%clk 0:29:34]} Rd8
{[%clk 0:12:19]} 23. Rc1 {[%clk 0:29:07]} a5 {[%clk 0:11:17]} 24. f4
{[%clk 0:26:42]} Qe4 {[%clk 0:08:26]} 25. Qg5 {[%clk 0:24:02]} Rd7
{[%clk 0:08:24]} 26. a3 {[%clk 0:21:09]} h6 {[%clk 0:07:16]} 27. Qg4
{[%clk 0:21:00]} e6 {[%clk 0:07:25]} 28. g3 {[%clk 0:20:32]} a4 {[%clk 0:06:28]}
29. Rd1 {[%clk 0:19:16]} h5 {[%clk 0:06:14]}  0-1

[Event "European Senior Team Championship 2021"]
[Site "Don Giovanni hotel, Vinohradska 2733, Prague, Czech Republic"]
[Date "2021.09.03"]
[Round "5"]
[Board "4"]
[White "Berthelot, Yannick"]
[Black "Konvalinka, Vladislav"]
[Result "1/2-1/2"]
[WhiteElo "2266"]
[BlackElo "1718"]
[PlyCount "0"]
[EventDate "2021.08.30"]
[EventType "team"]
[EventRounds "9"]
[EventCountry "ECX"]
[WhiteTeam "FRANCE"]
[BlackTeam "OLDEST BOYS"]

1. e4 {[%clk 1:30:53]} Nf6 {[%clk 1:30:50]} 2. e5 {[%clk 1:31:05]} Nd5
{[%clk 1:31:14]} 3. d4 {[%clk 1:31:19]} d6 {[%clk 1:31:30]} 4. c4
{[%clk 1:31:39]} Nb6 {[%clk 1:31:53]} 5. exd6 {[%clk 1:31:54]} exd6
{[%clk 1:31:59]} 6. Nc3 {[%clk 1:31:14]} Be7 {[%clk 1:31:50]} 7. Bd3
{[%clk 1:31:10]} O-O {[%clk 1:30:16]} 8. Nge2 {[%clk 1:31:08]} Nc6
{[%clk 1:29:56]} 9. b3 {[%clk 1:31:17]} Bg4 {[%clk 1:27:24]} 10. Be3
{[%clk 1:31:29]} d5 {[%clk 1:27:06]} 11. c5 {[%clk 1:28:43]} Nc8 {[%clk 1:26:57]}
12. Qd2 {[%clk 1:26:27]} Bf6 {[%clk 1:26:10]} 13. O-O {[%clk 1:24:53]} N8e7
{[%clk 1:25:38]} 14. h3 {[%clk 1:12:58]} Bf5 {[%clk 1:22:45]} 15. g4
{[%clk 1:10:18]} Bxd3 {[%clk 1:21:24]} 16. Qxd3 {[%clk 1:10:43]} Ng6
{[%clk 1:19:15]} 17. f4 {[%clk 1:04:15]} h6 {[%clk 1:07:02]} 18. Rad1
{[%clk 0:46:04]} Re8 {[%clk 1:05:16]} 19. Bf2 {[%clk 0:34:56]} Qd7
{[%clk 0:53:53]} 20. f5 {[%clk 0:31:17]} Nf8 {[%clk 0:53:24]} 21. Nf4
{[%clk 0:30:40]} Ne7 {[%clk 0:49:49]} 22. Nh5 {[%clk 0:30:40]} Nh7
{[%clk 0:49:48]} 23. Nxf6+ {[%clk 0:16:47]} Nxf6 {[%clk 0:49:24]} 24. Rde1
{[%clk 0:16:15]} Nc6 {[%clk 0:49:18]} 25. a3 {[%clk 0:13:24]} a6 {[%clk 0:46:03]}
26. Qf3 {[%clk 0:12:17]} Na5 {[%clk 0:44:46]} 27. Bh4 {[%clk 0:08:06]} Nxb3
{[%clk 0:43:31]}  1/2-1/2

[Event "European Senior Team Championship 2021"]
[Site "Don Giovanni hotel, Vinohradska 2733, Prague, Czech Republic"]
[Date "2021.09.03"]
[Round "5"]
[Board "1"]
[White "Nordstrom, Felix"]
[Black "Semakoff, Aleks"]
[Result "1/2-1/2"]
[WhiteElo "2083"]
[BlackElo "1996"]
[PlyCount "0"]
[EventDate "2021.08.30"]
[EventType "team"]
[EventRounds "9"]
[EventCountry "ECX"]
[WhiteTeam "SWEDEN 2"]
[BlackTeam "GOLDEN OLDIES"]

1. d4 {[%clk 1:30:56]} d5 {[%clk 1:30:49]} 2. c4 {[%clk 1:31:14]} e6
{[%clk 1:31:02]} 3. Nc3 {[%clk 1:31:22]} Bb4 {[%clk 1:30:53]} 4. cxd5
{[%clk 1:30:07]} exd5 {[%clk 1:31:04]} 5. Nf3 {[%clk 1:27:55]} Nf6
{[%clk 1:30:53]} 6. Qa4+ {[%clk 1:26:48]} Nc6 {[%clk 1:30:58]} 7. Bg5
{[%clk 1:26:09]} h6 {[%clk 1:29:13]} 8. Bxf6 {[%clk 1:25:07]} Qxf6
{[%clk 1:29:28]} 9. e3 {[%clk 1:20:27]} O-O {[%clk 1:25:41]} 10. Rc1
{[%clk 1:16:10]} Bg4 {[%clk 1:11:25]} 11. Be2 {[%clk 1:15:01]} Rad8
{[%clk 1:08:17]} 12. O-O {[%clk 1:12:31]} Qe6 {[%clk 0:45:20]} 13. Qb5
{[%clk 0:50:19]} Rd7 {[%clk 0:40:19]} 14. a3 {[%clk 0:41:16]} Be7
{[%clk 0:39:05]} 15. Na4 {[%clk 0:32:37]} Rb8 {[%clk 0:31:53]} 16. Nc5
{[%clk 0:29:57]} Bxc5 {[%clk 0:30:50]} 17. Qxc5 {[%clk 0:27:59]} a6
{[%clk 0:29:54]} 18. Qc2 {[%clk 0:25:48]} Bxf3 {[%clk 0:28:27]} 19. Bxf3
{[%clk 0:26:02]} Ne7 {[%clk 0:28:16]} 20. g3 {[%clk 0:24:41]}  1/2-1/2

[Event "European Senior Team Championship 2021"]
[Site "Don Giovanni hotel, Vinohradska 2733, Prague, Czech Republic"]
[Date "2021.09.03"]
[Round "5"]
[Board "2"]
[White "Taksrud, Vidar"]
[Black "Carlsten, Peter"]
[Result "1-0"]
[WhiteElo "1910"]
[BlackElo "1945"]
[PlyCount "0"]
[EventDate "2021.08.30"]
[EventType "team"]
[EventRounds "9"]
[EventCountry "ECX"]
[WhiteTeam "GOLDEN OLDIES"]
[BlackTeam "SWEDEN 2"]

1. d4 {[%clk 1:30:53]} f5 {[%clk 1:29:56]} 2. e4 {[%clk 1:31:08]} fxe4
{[%clk 1:30:16]} 3. Nc3 {[%clk 1:31:31]} Nf6 {[%clk 1:30:34]} 4. Bg5
{[%clk 1:31:48]} Nc6 {[%clk 1:30:51]} 5. f3 {[%clk 1:28:35]} d5 {[%clk 1:27:25]}
6. fxe4 {[%clk 1:28:07]} dxe4 {[%clk 1:26:24]} 7. d5 {[%clk 1:25:41]} Ne5
{[%clk 1:26:15]} 8. Bb5+ {[%clk 1:22:12]} c6 {[%clk 1:12:37]} 9. dxc6
{[%clk 1:20:06]} Qxd1+ {[%clk 1:12:32]} 10. Rxd1 {[%clk 1:20:19]} bxc6
{[%clk 1:03:28]} 11. Ba4 {[%clk 1:18:53]} Bd7 {[%clk 1:01:56]} 12. Nge2
{[%clk 1:13:46]} Nf7 {[%clk 0:58:23]} 13. Be3 {[%clk 1:07:23]} Nd6
{[%clk 0:53:35]} 14. O-O {[%clk 1:03:10]} Nc4 {[%clk 0:52:19]} 15. Bc1
{[%clk 1:03:15]} Rb8 {[%clk 0:44:51]} 16. Bb3 {[%clk 1:02:29]} Na5
{[%clk 0:44:40]} 17. Bf7+ {[%clk 0:59:28]} Kxf7 {[%clk 0:39:57]} 18. Rxd7
{[%clk 0:56:31]} Rb7 {[%clk 0:40:13]} 19. Rxb7 {[%clk 0:56:30]} Nxb7
{[%clk 0:40:37]} 20. Nxe4 {[%clk 0:56:49]} h6 {[%clk 0:39:52]} 21. Be3
{[%clk 0:55:57]} a6 {[%clk 0:39:25]} 22. Nd4 {[%clk 0:55:36]} Nd8
{[%clk 0:30:14]} 23. Nc5 {[%clk 0:51:30]} e5 {[%clk 0:29:54]} 24. Ndb3
{[%clk 0:48:04]} Bxc5 {[%clk 0:28:20]} 25. Nxc5 {[%clk 0:48:23]} Ne6
{[%clk 0:28:27]} 26. Nxa6 {[%clk 0:48:15]} Ra8 {[%clk 0:28:10]} 27. Nb4
{[%clk 0:47:20]} c5 {[%clk 0:28:08]} 28. Nd3 {[%clk 0:47:24]} Rxa2
{[%clk 0:28:21]} 29. Nxe5+ {[%clk 0:47:19]} Ke8 {[%clk 0:27:44]} 30. Nc4
{[%clk 0:47:12]} Nd5 {[%clk 0:27:17]} 31. Re1 {[%clk 0:44:12]} Nxe3
{[%clk 0:26:26]} 32. Rxe3 {[%clk 0:44:31]} Ra1+ {[%clk 0:26:08]} 33. Kf2
{[%clk 0:44:43]} Ke7 {[%clk 0:23:21]} 34. c3 {[%clk 0:38:48]} Rb1
{[%clk 0:21:37]} 35. Re1 {[%clk 0:35:39]} Rxe1 {[%clk 0:21:12]} 36. Kxe1
{[%clk 0:35:59]} Kd7 {[%clk 0:17:45]} 37. Kf2 {[%clk 0:34:57]} Kc6
{[%clk 0:18:03]} 38. Ke3 {[%clk 0:32:47]} Kd5 {[%clk 0:18:13]} 39. b3
{[%clk 0:32:37]} Nc7 {[%clk 0:17:22]} 40. Nd2 {[%clk 0:32:13]} Ne6
{[%clk 0:16:50]} 41. g3 {[%clk 0:31:30]} Ke5 {[%clk 0:16:37]} 42. Nf3+
{[%clk 0:29:37]} Kd5 {[%clk 0:16:25]} 43. c4+ {[%clk 0:29:52]} Kd6
{[%clk 0:16:10]} 44. Ke4 {[%clk 0:30:11]} g6 {[%clk 0:13:41]} 45. h4
{[%clk 0:29:37]} Ng7 {[%clk 0:10:56]} 46. g4 {[%clk 0:29:24]} Ne6
{[%clk 0:10:39]} 47. Ne5 {[%clk 0:29:23]} g5 {[%clk 0:10:33]} 48. Nf7+
{[%clk 0:28:42]} Ke7 {[%clk 0:10:36]} 49. Nxh6 {[%clk 0:29:02]} gxh4
{[%clk 0:11:00]} 50. Nf5+ {[%clk 0:29:20]} Kf6 {[%clk 0:11:13]} 51. Nxh4
{[%clk 0:29:40]} Kg5 {[%clk 0:11:38]} 52. Nf3+ {[%clk 0:27:16]} Kxg4
{[%clk 0:11:59]} 53. Ne5+ {[%clk 0:27:35]} Kg5 {[%clk 0:11:46]} 54. Kd5
{[%clk 0:27:44]} Kf5 {[%clk 0:11:27]} 55. Nd3 {[%clk 0:27:58]}  1-0

[Event "European Senior Team Championship 2021"]
[Site "Don Giovanni hotel, Vinohradska 2733, Prague, Czech Republic"]
[Date "2021.09.03"]
[Round "5"]
[Board "3"]
[White "Dalling, Peter"]
[Black "Johnsen, Oystein"]
[Result "0-1"]
[WhiteElo "1828"]
[BlackElo "1958"]
[PlyCount "0"]
[EventDate "2021.08.30"]
[EventType "team"]
[EventRounds "9"]
[EventCountry "ECX"]
[WhiteTeam "SWEDEN 2"]
[BlackTeam "GOLDEN OLDIES"]

1. e4 {[%clk 1:30:55]} c5 {[%clk 1:30:55]} 2. Nf3 {[%clk 1:31:18]} e6
{[%clk 1:31:18]} 3. d4 {[%clk 1:31:33]} cxd4 {[%clk 1:31:41]} 4. c3
{[%clk 1:32:00]} dxc3 5. Nxc3 Nc6 {[%clk 1:31:29]} 6. Bc4 {[%clk 1:32:13]} a6
{[%clk 1:31:43]} 7. a4 {[%clk 1:31:48]} Bc5 {[%clk 1:31:10]} 8. Qe2
{[%clk 1:31:57]} d6 {[%clk 1:29:23]} 9. O-O {[%clk 1:29:02]} Nge7
{[%clk 1:28:37]} 10. Rd1 {[%clk 1:25:39]} Qc7 {[%clk 1:26:33]} 11. Bf4
{[%clk 1:21:54]} Ng6 {[%clk 1:23:35]} 12. Bg3 {[%clk 1:21:54]} O-O
{[%clk 1:21:36]} 13. Rac1 {[%clk 1:16:56]} b6 {[%clk 1:06:51]} 14. Ba2
{[%clk 1:13:36]} Qe7 {[%clk 0:57:24]} 15. Bb1 {[%clk 1:08:58]} Bb7
{[%clk 0:46:47]} 16. h4 {[%clk 1:02:24]} Nge5 {[%clk 0:44:29]} 17. Ng5
{[%clk 0:57:48]} h6 {[%clk 0:40:03]} 18. Nf3 {[%clk 0:52:18]} Rad8
{[%clk 0:37:59]} 19. h5 {[%clk 0:45:15]} Nxf3+ {[%clk 0:28:28]} 20. Qxf3
{[%clk 0:45:06]} Ne5 {[%clk 0:28:03]} 21. Qe2 {[%clk 0:39:56]} Qg5
{[%clk 0:24:10]} 22. Bxe5 {[%clk 0:37:23]} dxe5 {[%clk 0:23:56]} 23. Rxd8
{[%clk 0:33:22]} Rxd8 {[%clk 0:22:58]} 24. Rd1 {[%clk 0:33:24]} Rd4
{[%clk 0:19:44]} 25. Rd3 {[%clk 0:26:51]} Qc1+ {[%clk 0:17:24]} 26. Kh2
{[%clk 0:26:22]} Rxd3 {[%clk 0:17:28]} 27. Bxd3 {[%clk 0:26:41]} Bd4
{[%clk 0:11:49]} 28. Qc2 {[%clk 0:22:41]} Qxc2 {[%clk 0:11:44]} 29. Bxc2
{[%clk 0:23:06]} Bxf2 {[%clk 0:12:03]} 30. Bd3 {[%clk 0:23:10]} Bd4
{[%clk 0:11:28]} 31. Nd1 {[%clk 0:23:34]} Kf8 {[%clk 0:11:38]} 32. Kg3
{[%clk 0:22:57]} Ke7 {[%clk 0:11:52]} 33. Nc3 {[%clk 0:22:41]} Bxc3
{[%clk 0:11:23]} 34. bxc3 {[%clk 0:23:02]} Kd6 {[%clk 0:11:28]} 35. Kf2
{[%clk 0:23:23]} Kc5 {[%clk 0:11:29]} 36. Ke3 {[%clk 0:23:46]} Bc6
{[%clk 0:09:04]} 37. Bxa6 {[%clk 0:23:58]} Bxa4 {[%clk 0:09:24]} 38. Bd3
{[%clk 0:23:42]} Bd1 {[%clk 0:08:55]} 39. Be2 {[%clk 0:23:36]} Bxe2 40. Kxe2 Kc4
{[%clk 0:08:52]} 41. Kd2 {[%clk 0:24:04]}  0-1

[Event "European Senior Team Championship 2021"]
[Site "Don Giovanni hotel, Vinohradska 2733, Prague, Czech Republic"]
[Date "2021.09.03"]
[Round "5"]
[Board "4"]
[White "Thjomoe, Hans Richard"]
[Black "Wihlborn, Bengt"]
[Result "1/2-1/2"]
[WhiteElo "1856"]
[BlackElo "1868"]
[PlyCount "0"]
[EventDate "2021.08.30"]
[EventType "team"]
[EventRounds "9"]
[EventCountry "ECX"]
[WhiteTeam "GOLDEN OLDIES"]
[BlackTeam "SWEDEN 2"]

1. e4 {[%clk 1:30:52]} c5 {[%clk 1:30:49]} 2. Nc3 {[%clk 1:30:51]} e6
{[%clk 1:30:45]} 3. f4 {[%clk 1:28:57]} a6 {[%clk 1:30:11]} 4. Nf3
{[%clk 1:28:31]} Qc7 {[%clk 1:25:51]} 5. d4 {[%clk 1:26:27]} cxd4
{[%clk 1:26:06]} 6. Nxd4 {[%clk 1:25:54]} Nc6 {[%clk 1:25:15]} 7. Be3
{[%clk 1:21:01]} d6 {[%clk 1:22:39]} 8. Be2 {[%clk 1:15:36]} Be7 {[%clk 1:20:18]}
9. O-O {[%clk 1:11:02]} Nf6 {[%clk 1:20:28]} 10. Bf3 {[%clk 1:06:26]} Nxd4
{[%clk 1:17:52]} 11. Qxd4 {[%clk 1:03:22]} O-O {[%clk 1:16:38]} 12. Rad1
{[%clk 1:00:34]} Nd7 {[%clk 1:13:45]} 13. Qd2 {[%clk 0:55:34]} Rb8
{[%clk 1:12:41]} 14. Qf2 {[%clk 0:50:36]} b5 {[%clk 1:11:44]} 15. Rd2
{[%clk 0:47:49]} Nb6 {[%clk 1:01:11]} 16. Bxb6 Qxb6 17. Rfd1 {[%clk 0:42:13]} Bd7
{[%clk 0:59:11]} 18. Qxb6 {[%clk 0:41:19]} Rxb6 {[%clk 0:59:34]} 19. e5
{[%clk 0:41:13]} d5 {[%clk 0:59:30]} 20. Ne2 {[%clk 0:40:55]} Rc6
{[%clk 0:54:56]} 21. Nd4 {[%clk 0:36:41]} Bc5 {[%clk 0:54:30]}  1/2-1/2

[Event "European Senior Team Championship 2021"]
[Site "Don Giovanni hotel, Vinohradska 2733, Prague, Czech Republic"]
[Date "2021.09.03"]
[Round "5"]
[Board "1"]
[White "Pacl, Vaclav"]
[Black "Jurek, Josef"]
[Result "1/2-1/2"]
[WhiteElo "2015"]
[BlackElo "2208"]
[PlyCount "0"]
[EventDate "2021.08.30"]
[EventType "team"]
[EventRounds "9"]
[EventCountry "ECX"]
[WhiteTeam "SK PLZEN"]
[BlackTeam "SK SOKOL VYSEHRAD"]

1. Nf3 {[%clk 1:30:56]} Nf6 {[%clk 1:30:34]} 2. c4 {[%clk 1:31:20]} b6
{[%clk 1:30:14]} 3. g3 {[%clk 1:31:38]} c5 {[%clk 1:30:11]} 4. Bg2
{[%clk 1:32:01]} Bb7 {[%clk 1:30:26]} 5. Nc3 {[%clk 1:32:11]} e6 {[%clk 1:29:40]}
6. O-O {[%clk 1:32:15]} Be7 {[%clk 1:29:46]} 7. d4 {[%clk 1:32:05]} cxd4
{[%clk 1:29:56]} 8. Qxd4 {[%clk 1:32:17]} d6 {[%clk 1:29:50]} 9. Bg5
{[%clk 1:32:02]} a6 {[%clk 1:28:46]} 10. Bxf6 {[%clk 1:31:31]} Bxf6
{[%clk 1:28:59]} 11. Qf4 {[%clk 1:31:56]} O-O {[%clk 1:26:27]} 12. Rfd1
{[%clk 1:28:55]} Be7 {[%clk 1:26:06]} 13. Ne4 {[%clk 1:24:24]} Bxe4
{[%clk 1:24:05]} 14. Qxe4 {[%clk 1:23:31]} Ra7 {[%clk 1:24:08]} 15. Nd4
{[%clk 1:11:49]} Qc7 {[%clk 1:19:31]} 16. Rac1 {[%clk 1:09:46]} Re8
{[%clk 1:14:40]} 17. b4 {[%clk 1:03:27]}  1/2-1/2